The proteins: composition, structure and function

Uloženo v:
Podrobná bibliografie
Hlavní autor: Neurath, Hans (Autor)
Médium: Kniha
Jazyk:angličtina
Vydáno: Nueva York Academic Press 1964
Vydání:2a. ed
Témata:
Tagy: Přidat tag
Žádné tagy, Buďte první, kdo vytvoří štítek k tomuto záznamu!

MARC

LEADER 00000nam a2200000 a 4500
001 UCG3838
003 CL-VaPUC
008 100916e19640000US |||||||||||||||||eng|d
082 0 4 |a 572.6  |b NEU  |2 21 
100 |a Neurath, Hans  |e author  |9 618055 
245 1 4 |a The proteins: composition, structure and function 
250 |a 2a. ed 
300 |a v 
942 |c BK 
945 |d 20100916 00:00:00  |a mfarfan 
260 |a Nueva York  |b Academic Press  |c 1964 
650 7 |a PROTEINAS  |2 CL-VaPUC  |9 553147 
650 7 |a ESTRUCTURA  |2 CL-VaPUC  |9 355242 
583 |a last modification  |c 20100916 00:00:00  |k Rodrigo Vera 
999 |c 342809  |d 342807